La Novela Hispanoamericana

Պահպանված է:
Մատենագիտական մանրամասներ
Հիմնական հեղինակ: Loveluck, Juan
Ձևաչափ: Գիրք
Լեզու:Undetermined
Հրապարակվել է: Santiago, Chile Universitaria 1972
Խորագրեր:
Ցուցիչներ: Ավելացրեք ցուցիչ
Չկան պիտակներ, Եղեք առաջինը, ով նշում է այս գրառումը!

MARC

LEADER 00000nam a2200000Ia 4500
008 170316s9999 xx 000 0 und d
040 |a cru BVZT 
090 |a A-860 L-4n 
100 |a Loveluck, Juan 
245 |a La Novela Hispanoamericana 
260 |a Santiago, Chile 
260 |b Universitaria 
260 |c 1972 
300 |a 320 páginas 
650 |a LITERATURA LATINOAMERICANA 
650 |a ANTOLOGÍA 
999 |c 12513  |d 12513 
942 |c 15 D  |h A-860 L-4n  |2 z